| 000 | 00534nam a22001817a 4500 | ||
|---|---|---|---|
| 003 | CEME | ||
| 005 | 20210628203312.0 | ||
| 008 | 210104b xxu||||| |||| 00| 0 eng d | ||
| 020 | _a9781848827293 | ||
| 040 | _cceme | ||
| 082 | _a623.8 DOK | ||
| 100 |
_aDo, Duc Khac , Pan, Jie _964584 |
||
| 245 | _aControl of ships and underwater vehicles , design for underactuated and nonlinear marine system | ||
| 260 |
_aNEW YORK _bSPRINGER _c2009 |
||
| 300 | _aXVI, 400P | ||
| 650 |
_a1- NONLINEAR CONTROL THEORY _964585 |
||
| 942 |
_cBK _2ddc |
||
| 999 |
_c573030 _d573030 |
||